Ligne de bus et metro de rennes - Statistiques

Statistiques générales
  • Ce quiz a été pris 326 fois
  • Le résultat moyen est 27 sur 55
Statistiques - réponses
Destination Reponse % Correct
Cesson Viasilva - Gaité b
81%
Grand quartier - ZA Saint sulpice C4
79%
JF Kennedy- La poterie a
74%
Saint Laurent - Lycée brequigny C5
72%
Aeroport - Rigourdiere C6
72%
Roazhon park - Beaulieu chimie 14
71%
Patton - Henri Freville C3
70%
Porte de cleunay - Beaulieu chimie 10
62%
ZI ouest - Saint saens 11
62%
La poterie - Villejean Université 12
60%
Rosa parks - Viasilva C1
59%
Champ Daguet - Haut Sancé C2
58%
Gaité - Bruz centre C7
58%
Charles de Gaulles - Le Rheu,Mordelles, Le Verger 55
54%
Cucé - Porte de ker lann 13
51%
Villejean - Montgermont, La chapelle des Foutgeretz, Pacé, Saint Gilles 52
51%
Charles de Gaulles - Le Rheu, Cintré 54
51%
Charles de Gaulles - Chavagne 56
51%
Villejean - Saint gregoire, Betton 78
51%
Henri Freville -Noyal chatillon sur seiche, Saint Erblon 61
50%
Viasilva - Acigné 64
49%
Villejean - Gevezé 68
49%
Les gayeulles - Betton 51
48%
Republique - Vezin le coquet,L'hermitage, La Chapelle Thouarault 53
47%
Henri Freville - Bruz 59
47%
La Poterie - Vern sur seiche 62
47%
La poterie - Vern sur seiche, Nouvoitou 75
47%
Nuit Kennedy N1
47%
Nuit La Poterie N2
47%
Nuit Atalante N4
47%
Nuit Gayeulles N5
47%
Republique - Cesson Sevigné, Brécé 67
46%
La poterie - Vern sur seiche,Saint Armel, Corps nuds 73
46%
Les gayeulles - Betton, Chevaigné,Saint Sulpice la foret 71
44%
Henri Freville - Chartres de bretagne,Pont péan 72
44%
Henri Freville - Orgères, Bourgbarré 74
44%
Villejean - Vezin le coquet,Le Rheu, Mordelles 76
44%
Villejean - Pacé 77
44%
Villejean - Pacé,Parthenay de bretagne 65
43%
Edonia - Alma sud 32
42%
Viasilva - Thorigné Fouillard 50
42%
Henri Freville - Pont péan, Laillé 79
42%
Villejean - Clayes, Romillé 81
42%
Villejean - Romillé, Langan,La chapelle chaussée, Becherel, Miniac sous becherel 82
42%
Viasilva - Thorigné Fouillard, Betton 83
42%
Nuit Ker Lann N3
41%
Viasilva - Saint Sulpice la foret 70
40%
Noyal chatillon sur seiche - Chartres de bretagne - Bruz 91
40%
Monnais - ZA Saint sulpice 34
38%
Gaité - Pont réan 63
38%
Henri Freville - Laillé 80
38%
Henri Freville - Morinais 37
37%
Bruz 90
37%
Paul Emile Victor - Maison blanche 39
36%
Menouriais - Monniais 38
35%
Aucun quiz correspondant
Distribution des résultats
% des personnes avec chaque résultat
Percentile par nombre de réponses
Votre historique - résultats
Vous n’avez pas pris ce quiz